<?xml version="1.0" encoding="UTF-8"?><?xml-stylesheet type="text/xsl" href="static/style.xsl"?><OAI-PMH xmlns="http://www.openarchives.org/OAI/2.0/" xmlns:xsi="http://www.w3.org/2001/XMLSchema-instance" xsi:schemaLocation="http://www.openarchives.org/OAI/2.0/ http://www.openarchives.org/OAI/2.0/OAI-PMH.xsd"><responseDate>2026-06-03T03:12:25Z</responseDate><request verb="GetRecord" identifier="oai:riuma.uma.es:10630/16067" metadataPrefix="marc">https://riuma.uma.es/rest/oai/request</request><GetRecord><record><header><identifier>oai:riuma.uma.es:10630/16067</identifier><datestamp>2026-02-03T12:22:28Z</datestamp><setSpec>com_10630_2254</setSpec><setSpec>col_10630_37959</setSpec></header><metadata><record xmlns="http://www.loc.gov/MARC21/slim" xmlns:dcterms="http://purl.org/dc/terms/" xmlns:doc="http://www.lyncode.com/xoai" xmlns:xsi="http://www.w3.org/2001/XMLSchema-instance" xsi:schemaLocation="http://www.loc.gov/MARC21/slim http://www.loc.gov/standards/marcxml/schema/MARC21slim.xsd">
   <leader>00925njm 22002777a 4500</leader>
   <datafield ind2=" " ind1=" " tag="042">
      <subfield code="a">dc</subfield>
   </datafield>
   <datafield ind2=" " ind1=" " tag="720">
      <subfield code="a">Valderrama Hernández, Rocío</subfield>
      <subfield code="e">author</subfield>
   </datafield>
   <datafield ind2=" " ind1=" " tag="720">
      <subfield code="a">Pabón Figueras, Manuela</subfield>
      <subfield code="e">author</subfield>
   </datafield>
   <datafield ind2=" " ind1=" " tag="720">
      <subfield code="a">Gómez-Carrillo, Victoria del Rocío</subfield>
      <subfield code="e">author</subfield>
   </datafield>
   <datafield ind2=" " ind1=" " tag="720">
      <subfield code="a">Fernández-Jiménez, Miguel Ángel</subfield>
      <subfield code="e">author</subfield>
   </datafield>
   <datafield ind2=" " ind1=" " tag="720">
      <subfield code="a">Arjona Romero, Juan José</subfield>
      <subfield code="e">author</subfield>
   </datafield>
   <datafield ind2=" " ind1=" " tag="720">
      <subfield code="a">Velasco-Martínez, Leticia Concepción</subfield>
      <subfield code="e">author</subfield>
   </datafield>
   <datafield ind2=" " ind1=" " tag="720">
      <subfield code="a">Tójar-Hurtado, Juan Carlos</subfield>
      <subfield code="e">author</subfield>
   </datafield>
   <datafield ind2=" " ind1=" " tag="720">
      <subfield code="a">Aguilar-Ramos, María Isabel</subfield>
      <subfield code="e">author</subfield>
   </datafield>
   <datafield ind2=" " ind1=" " tag="720">
      <subfield code="a">Estrada-Vidal, Ligia Isabel</subfield>
      <subfield code="e">author</subfield>
   </datafield>
   <datafield ind2=" " ind1=" " tag="720">
      <subfield code="a">García-Aguilera, Francisco José</subfield>
      <subfield code="e">author</subfield>
   </datafield>
   <datafield ind2=" " ind1=" " tag="260">
      <subfield code="c">2018-06-28</subfield>
   </datafield>
   <datafield ind2=" " ind1=" " tag="520">
      <subfield code="a">Las universidades, tanto a nivel nacional como internacional, y diversas entidades científicas y académicas han tomado conciencia de la necesidad de promover el emprendimiento a nivel universitario (UNESCO, 2009; Observatorio de Emprendimiento Universitario, 2016). El emprendimiento social (Seguí, 2017) y los valores que promueve, concuerdan  en gran medida con las competencias transversales que se deben trabajar en la Universidad (Sánchez-García, 2017). Por ello, el enfoque por competencias (Sáez y López-Vélez, 2015), parece también un modelo acertado para evaluar el emprendimiento social. Ya se han desarrollado algunas herramientas para la evaluación de las competencias emprendedoras (Espíritu, González y Alcaraz, 2012) y el emprendimiento social (Capella, Gil, Martí y Ruiz-Bernardo, 2016). En este trabajo se presenta una herramienta que permite evaluar las competencias para el emprendimiento social en cualquier asignatura universitaria. La herramienta permite analizar el grado en que dichas competencias se trabajan en una asignatura concreta, tanto por parte de los estudiantes, como por parte del docente. La versión del docente, además, permite reflexionar sobre el margen de mejora de cada una de las competencias emprendedoras y realizar propuestas concretas para desarrollarlas a corto plazo. Las dos versiones (estudiantes y profesorado) del Registro para Evaluar el Emprendimiento Social en las Aulas Universitarias (RESAU), han sido validadas por expertos, y en el caso de la versión de estudiantes se ha realizado una validación estadística (fiabilidad y validez de constructo). En la validación de expertos han participado 14 docentes universitarios de diversas titulaciones y de tres universidades diferentes (Sevilla, Granada y Málaga) que trabajan en proyectos de emprendimiento.</subfield>
   </datafield>
   <datafield ind1="8" ind2=" " tag="024">
      <subfield code="a">https://hdl.handle.net/10630/16067</subfield>
   </datafield>
   <datafield tag="653" ind2=" " ind1=" ">
      <subfield code="a">Educación basada en competencias - Congresos</subfield>
   </datafield>
   <datafield ind2="0" ind1="0" tag="245">
      <subfield code="a">Evaluar las competencias para el emprendimiento social en las aulas universitarias</subfield>
   </datafield>
</record>
</metadata></record></GetRecord></OAI-PMH>